[Event "Sitges Sunway op 10th"]
[Site "Sitges"]
[Date "2023.12.14"]
[Round "3"]
[White "Fernandez Guillen, Ernesto J"]
[Black "Dhruva, Thota"]
[Result "1-0"]
[WhiteElo "2462"]
[BlackElo "2182"]
[PlyCount "75"]
[EventDate "2023.12.12"]
[EventType "swiss"]
[EventRounds "10"]
[EventCountry "ESP"]
[SourceTitle "CB52_2023"]
[SourceDate "2023.12.27"]
[SourceVersion "1"]
[SourceVersionDate "2023.12.27"]
[SourceQuality "1"]

1. Nf3 Nf6 2. b3 g6 3. Bb2 Bg7 4. e4 0-0 5. e5 Nd5 6. d4 d6 7. Bc4 Nb6 8. Bd3 Nc6 9. Be4 Bg4 10. h3 Bxf3 11. Qxf3 d5 12. Bd3 f6 13. Qg3 fxe5 14. dxe5 Bh6 15. 0-0 Bf4 16. Qg4 d4 17. Re1 Kg7 18. Be4 Nxe5 19. Qd1 c5 20. g3 Bg5 21. f4 Bxf4 22. gxf4 Rxf4 23. Bg2 Nf7 24. Nd2 e5 25. Ne4 Rc8 26. Bc1 Rh4 27. Rf1 h6 28. Qf3 Qe7 29. Qg3 Nd7 30. Rxf7+ Kxf7 31. Ng5+ hxg5 32. Bxg5 Qd6 33. Qxh4 Kg8 34. Rf1 Rf8 35. Be7 Rxf1+ 36. Bxf1 Qb8 37. Qh6 Kf7 38. Qh7+ 1-0

[Event "Barcelona Sant Marti op-A 23rd"]
[Site "Barcelona"]
[Date "2023.07.21"]
[Round "9"]
[White "Hernando Rodrigo, Julio Antonio"]
[Black "Dhruva, Thota"]
[Result "0-1"]
[WhiteElo "2240"]
[BlackElo "2079"]
[PlyCount "82"]
[EventDate "2023.07.13"]
[EventType "swiss"]
[EventRounds "9"]
[EventCountry "ESP"]
[SourceTitle "CBM 215 Extra"]
[Source "ChessBase"]
[SourceDate "2023.09.30"]
[SourceVersion "1"]
[SourceVersionDate "2023.09.30"]
[SourceQuality "1"]

1. d4 Nf6 2. c4 g6 3. Nc3 Bg7 4. e4 d6 5. Nf3 0-0 6. Be2 e5 7. 0-0 Nbd7 8. dxe5 dxe5 9. Qc2 c6 10. h3 Qe7 11. Be3 Nh5 12. Rfe1 Nc5 13. Rad1 Ne6 14. Bf1 f5 15. exf5 gxf5 16. b4 Rf7 17. c5 e4 18. Nd4 f4 19. Nxe6 fxe3 20. Rxe3 Bxe6 21. Nxe4 Raf8 22. Nd6 Rxf2 23. Qxf2 Rxf2 24. Kxf2 Be5 25. Kg1 Qg5 26. Nc4 Bxc4 27. Bxc4+ Kg7 28. Rf3 Qh4 29. Rd7+ Kh6 30. Bd3 Qe1+ 31. Bf1 Qxb4 32. g4 Qxc5+ 33. Kg2 Qc2+ 34. Rf2 Qe4+ 35. Kg1 Bd4 36. Rd6+ Kg5 37. Rxd4 Qxd4 38. gxh5 c5 39. Bg2 c4 40. Bxb7 c3 41. Bg2 Qxf2+ 0-1

[Event "IND-ch U15 47th"]
[Site "New Delhi"]
[Date "2022.12.02"]
[Round "7"]
[White "Dhruva, Thota"]
[Black "Adireddy, Arjun"]
[Result "0-1"]
[WhiteElo "1729"]
[BlackElo "1980"]
[PlyCount "68"]
[EventDate "2022.11.28"]
[EventType "swiss"]
[EventRounds "11"]
[EventCountry "IND"]
[SourceTitle "CBM 211 Extra"]
[Source "ChessBase"]
[SourceDate "2023.01.31"]
[SourceVersion "1"]
[SourceVersionDate "2023.01.31"]
[SourceQuality "1"]

1. e4 c5 2. Nf3 d6 3. d4 cxd4 4. Nxd4 Nf6 5. Nc3 a6 6. Bg5 Nbd7 7. f4 Qc7 8. Qf3 b5 9. 0-0-0 Bb7 10. Bd3 g6 11. Rhe1 Bg7 12. Qe2 e5 13. fxe5 dxe5 14. Nf3 0-0 15. a3 Rfe8 16. Qf2 Nc5 17. Qh4 Nh5 18. Bf1 Rac8 19. g3 f5 20. Nd2 Bxe4 21. Ndxe4 Nxe4 22. Rxe4 fxe4 23. Bh3 h6 24. Bxc8 hxg5 25. Qxe4 Rxc8 26. Qxg6 Nf6 27. Qxg5 Ne4 28. Qg4 Nc5 29. b4 Nb3+ 30. Kb1 Nd4 31. Rd3 Rf8 32. Qe4 Qc4 33. Qe3 a5 34. bxa5 Rf1+ 0-1

[Event "IND-ch U18 31st"]
[Site "Pollachi"]
[Date "2022.04.22"]
[Round "9"]
[White "Bharath, Subramaniyam H"]
[Black "Dhruva, Thota"]
[Result "1-0"]
[WhiteElo "2503"]
[BlackElo "1694"]
[PlyCount "91"]
[EventDate "2022.04.18"]
[EventType "swiss"]
[EventRounds "11"]
[EventCountry "IND"]
[SourceTitle "EXT 2023"]
[Source "ChessBase"]
[SourceDate "2022.10.05"]
[SourceVersion "1"]
[SourceVersionDate "2022.10.05"]
[SourceQuality "1"]

1. b3 g6 2. Bb2 Nf6 3. Nf3 Bg7 4. g3 0-0 5. Bg2 a5 6. 0-0 a4 7. b4 d5 8. a3 Nbd7 9. d3 c5 10. bxc5 Nxc5 11. Nbd2 b5 12. Rb1 Ba6 13. e3 Rc8 14. Qe2 e6 15. Rfc1 Qa5 16. Qd1 Rfd8 17. h4 h6 18. Bf1 Nfd7 19. Bxg7 Kxg7 20. h5 g5 21. Nd4 Nb7 22. c4 dxc4 23. dxc4 bxc4 24. Nxc4 Bxc4 25. Rxc4 Rxc4 26. Bxc4 Ndc5 27. Qc2 Rd7 28. Bxe6 Nxe6 29. Nxe6+ fxe6 30. Qg6+ Kf8 31. Qxh6+ Kg8 32. Qxe6+ Rf7 33. Qg6+ Kf8 34. Rb4 Qd5 35. Qc2 Qc5 36. Qb2 Nd6 37. h6 Ke7 38. Rxa4 Rh7 39. Rb4 Qd5 40. Rd4 Qb7 41. Rb4 Qd5 42. e4 Qd1+ 43. Kg2 Rf7 44. Rb3 Qg4 45. e5 Qe4+ 46. f3 1-0

[Event "IND-ch U18 31st"]
[Site "Pollachi"]
[Date "2022.04.21"]
[Round "8"]
[White "Dhruva, Thota"]
[Black "Ayush, Sharma"]
[Result "1/2-1/2"]
[WhiteElo "1694"]
[BlackElo "2311"]
[PlyCount "71"]
[EventDate "2022.04.18"]
[EventType "swiss"]
[EventRounds "11"]
[EventCountry "IND"]
[SourceTitle "EXT 2023"]
[Source "ChessBase"]
[SourceDate "2022.10.05"]
[SourceVersion "1"]
[SourceVersionDate "2022.10.05"]
[SourceQuality "1"]

1. e4 c5 2. Nf3 d6 3. d4 cxd4 4. Nxd4 Nf6 5. Nc3 a6 6. Bg5 e6 7. f4 Nbd7 8. Qf3 Qc7 9. 0-0-0 b5 10. g4 b4 11. Nce2 Bb7 12. Ng3 0-0-0 13. Bd3 Be7 14. Qe2 Nc5 15. Kb1 Kb8 16. Rhe1 h6 17. Bh4 g5 18. fxg5 Nfd7 19. Nf3 hxg5 20. Bxg5 Bxg5 21. Nxg5 Ne5 22. Nh5 f6 23. Nxf6 Qg7 24. Ngh7 Rxh7 25. Nxh7 Qxh7 26. Qg2 Rh8 27. Re2 Qg7 28. b3 Qxg4 29. Qxg4 Nxg4 30. Kb2 Rxh2 31. Rxh2 Nxh2 32. Be2 Bxe4 33. Rxd6 Kc7 34. Rd4 a5 35. c3 Nf3 36. Rc4 1/2-1/2

[Event "IND-ch U16"]
[Site "New Delhi"]
[Date "2022.03.05"]
[Round "2"]
[White "Dhruva, Thota"]
[Black "Mrithyunjay, Mahadevan"]
[Result "0-1"]
[WhiteElo "1525"]
[BlackElo "1993"]
[PlyCount "84"]
[EventDate "2022.03.04"]
[EventType "swiss"]
[EventRounds "9"]
[EventCountry "IND"]
[SourceTitle "CBM 207 Extra"]
[Source "ChessBase"]
[SourceDate "2022.05.31"]
[SourceVersion "1"]
[SourceVersionDate "2022.05.31"]
[SourceQuality "1"]

1. e4 c5 2. Nf3 d6 3. d4 cxd4 4. Nxd4 Nf6 5. Nc3 a6 6. Bg5 e6 7. f4 Be7 8. Qf3 Qc7 9. 0-0-0 Nbd7 10. g4 h6 11. Bxf6 Bxf6 12. h4 Nb6 13. g5 Bxd4 14. Rxd4 Qc5 15. Rd2 Bd7 16. Bd3 0-0-0 17. Rg2 g6 18. gxh6 Rxh6 19. Rg5 Qc7 20. Ne2 Rdh8 21. h5 Be8 22. Ng3 f6 23. Ra5 gxh5 24. Nxh5 Nd5 25. Rxd5 exd5 26. Ng3 Rxh1+ 27. Nxh1 dxe4 28. Bxe4 Bc6 29. Ng3 d5 30. Bd3 Qa5 31. Bf5+ Kb8 32. Qc3 Qxc3 33. bxc3 Rh4 34. Ne2 Kc7 35. Kd2 Kd6 36. Ke3 Kc5 37. Bd3 Rh3+ 38. Kd2 Bb5 39. Nd4 Rh2+ 40. Ne2 Bc4 41. a3 Kb5 42. Ke3 Ka4 0-1